|
|
|
|
| LEADER |
00000cam a2200000 7i4500 |
| 001 |
0000083039 |
| 005 |
20200217.0 |
| 008 |
190312 |
| 020 |
|
|
|a 9789675994890
|
| 041 |
0 |
|
|a Malay
|
| 090 |
0 |
0 |
|a 305.2305
|b MOH
|
| 100 |
0 |
|
|a Mejar (B) Mohamad Qayyum Bin A. Badaruddin
|
| 245 |
0 |
0 |
|a Bersahabat dengan peperiksaan
|c Mejar (B) Mohamad Qayyum Bin A. Badaruddin
|
| 260 |
|
|
|b Casamas Resources Sdn Bhd ,
|c 2018
|
| 300 |
|
|
|a 113p. :
|b col.ill. ;
|c 21.5cm.
|
| 541 |
0 |
0 |
|c Purchased on 2018
|f 2018/125 ADAM
|h RM18.00
|
| 650 |
|
0 |
|a Examinations
|x Study guides
|
| 650 |
|
0 |
|a Study skills
|
| 999 |
|
|
|a 0001551780
|b Book
|c Adult Collection
|e Cawangan Bandar Tenggara
|
| 999 |
|
|
|a 0001551781
|b Book
|c Adult Collection
|e Cawangan Bandar Penawar
|
| 999 |
|
|
|a 0001551782
|b Book
|c Adult Collection
|e Cawangan Taman Sri Lambak
|
| 999 |
|
|
|a 0001551783
|b Book
|c Adult Collection
|e Cawangan Tmn. Ungku Tun Aminah
|
| 999 |
|
|
|a 0001551784
|b Book
|c Adult Collection
|e Cawangan Tangkak
|
| 999 |
|
|
|a 0001551786
|b Book
|c Adult Collection
|e Cawangan Kota Tinggi
|
| 999 |
|
|
|a 0001551787
|b Book
|c Adult Collection
|e Cawangan Muar
|
| 999 |
|
|
|a 0001551788
|b Book
|c Adult Collection
|e Cawangan Segamat
|
| 999 |
|
|
|a 0001551789
|b Book
|c Adult Collection
|e Cawangan Batu Pahat
|
| 999 |
|
|
|a 0001551790
|b Book
|c Adult Collection
|e Cawangan Bukit Gambir
|
| 999 |
|
|
|a 0001551791
|b Book
|c Adult Collection
|e Cawangan Mersing
|
| 999 |
|
|
|a 0001552215
|b Book
|c Adult Collection
|e Perbadanan Perpustakaan Awam Johor
|
| 999 |
|
|
|a 0001552216
|b Book
|c Adult Collection
|e Perbadanan Perpustakaan Awam Johor
|
| 999 |
|
|
|a 0001552217
|b Book
|c Adult Collection
|e Cawangan Urban Transformation Centre
|
| 999 |
|
|
|a 0001552218
|b Book
|c Adult Collection
|e Cawangan AEON Kulaijaya
|